<?xml version="1.0" encoding="UTF-8"?>
<marc:record xmlns:marc="http://www.loc.gov/MARC21/slim">
   <marc:leader>00000nam a2200000 a 4500</marc:leader>
   <marc:datafield ind1="1" ind2=" " tag="100">
      <marc:subfield code="a">Brontë, Charlotte</marc:subfield>
      <marc:subfield code="4">aut</marc:subfield>
      <marc:subfield code="e">Verfasser/-in</marc:subfield>
   </marc:datafield>
   <marc:datafield ind1="1" ind2=" " tag="100">
      <marc:subfield code="a">Reiher, Johannes</marc:subfield>
      <marc:subfield code="4">trl</marc:subfield>
      <marc:subfield code="e">Übersetzer/-in</marc:subfield>
   </marc:datafield>
   <marc:datafield ind1="1" ind2=" " tag="100">
      <marc:subfield code="a">Brontë, Charlotte</marc:subfield>
   </marc:datafield>
   <marc:datafield ind1="0" ind2="0" tag="245">
      <marc:subfield code="a">Shirley</marc:subfield>
   </marc:datafield>
   <marc:datafield ind1="0" ind2="0" tag="245">
      <marc:subfield code="b">Roman</marc:subfield>
   </marc:datafield>
   <marc:datafield ind1="0" ind2="0" tag="245">
      <marc:subfield code="c">Charlotte Brontë. Aus dem Engl. von Johannes Reiher und Horst Wolf</marc:subfield>
   </marc:datafield>
   <marc:datafield ind1=" " ind2="1" tag="264">
      <marc:subfield code="a">Köln</marc:subfield>
      <marc:subfield code="b">Anaconda</marc:subfield>
      <marc:subfield code="c">2011</marc:subfield>
   </marc:datafield>
   <marc:datafield ind1="1" ind2=" " tag="520">
      <marc:subfield code="a">Angaben aus der Verlagsmeldung

Shirley / von Charlotte Brontë

Neben dem grandiosen viktorianischen Sittengemälde "Jane Eyre", mit dem Charlotte Brontë zwei Jahre zuvor schlagartig berühmt wurde, ist "Shirley", 1849 erschienen, der zweite bedeutende Roman der großen englischen Dichterin über eine außergewöhnliche Frauenfigur. Vor dem Hintergrund der Arbeiterunruhen zur Zeit der wirtschaftlichen Depression am Beginn des 19. Jahrhunderts erzählt er die aufrüttelnde Geschichte der vermögenden und charakterstarken Gutsherrin Shirley Keeldar, die sich um der wahren Liebe willen entschlossen über die erstarrten Konventionen und den Standesdünkel ihrer Zeit hinwegsetzt.
</marc:subfield>
   </marc:datafield>
   <marc:datafield ind1=" " ind2=" " tag="020">
      <marc:subfield code="a">9783866475878</marc:subfield>
      <marc:subfield code="9">9783866475878</marc:subfield>
   </marc:datafield>
   <marc:datafield ind1=" " ind2=" " tag="300">
      <marc:subfield code="a">714 S.</marc:subfield>
   </marc:datafield>
</marc:record>
